| 000 | 00535nam a2200169 i 4500 | ||
|---|---|---|---|
| 001 | 79286 | ||
| 003 | ES-MaACL | ||
| 005 | 20230906173939.0 | ||
| 007 | t| | ||
| 008 | 041020s1961 sp ||||1| spa d | ||
| 110 | 2 |
_aHermandad de San Isidoro. _94567 |
|
| 245 | 1 | 3 |
_aEl Papa habla a los científicos _b: a los técnicos : a los dirigentes / _cprólogo de Justo Pérez de Urbel. |
| 260 |
_aMadrid : _bStvdivm, _c[1961] |
||
| 300 |
_a69 p. ; _c18 cm. |
||
| 700 | 1 |
_aPérez de Urbel, Justo. _990812 |
|
| 852 |
_aES-MaACL _jC-21702 _bR.49186 |
||
| 999 |
_c79286 _d79286 |
||